| 000 | 01349cam a2200241 4500 | ||
|---|---|---|---|
| 001 | ABS63698 | ||
| 008 | 000000n2001 000 0 eng u | ||
| 035 | _a(Sirsi) u111384 | ||
| 100 | _aRice, P. | ||
| 245 | _aCorporate killing: can company directors face prison for killing an employee | ||
| 260 | _c2001 | ||
| 490 |
_aWastes Management _vJanuary 2001, 15(1) |
||
| 520 | _aLooks at government's emerging policy to tackle management failings in relation to health and safety in heavy industry. These include the requirement that companies appoint a Health and Safety Director. If a company is run by a Board of Directors, the Board must manage health and safety, or one Director must be appointed to carry out this task. In addition government is committed to a new Safety Bill, and is considering draft provisions for offences of 'corporate killing' and 'kiling by gross carelessness'. Provides details of the content of these draft provisions, considers the new health and safety sentencing guidelines, and discusses the notion of 'reasonable practicability'. | ||
| 590 | _aABS | ||
| 650 | _aCOMPANY DIRECTORS | ||
| 650 | _aMANSLAUGHTER | ||
| 650 | _aHSE | ||
| 650 | _aHEALTH AND SAFETY EXECUTIVE | ||
| 650 | _aLIABILITY | ||
| 650 | _aHEALTH AND SAFETY AT WORK ETC ACT 1974 | ||
| 690 |
_aHealth and safety _96244 |
||
| 942 | _n0 | ||
| 999 |
_c66359 _d66359 |
||